000 01022nam a2200301 i 4500
003 CO-BoRNBP
005 20250122172319.0
007 ta
008 250122b2021 Uy a|||| |||| 00| 0 spa d
020 _a9789915662367
040 _aCO-BoRNBP
_bspa
_cCO-BoRNBP
_erda
041 _aspa
084 _aC DAV
100 1 0 _aDavey, seb
_eautor
_957658
245 _a¡No toques mis donas!
_cSeb Davey; traducción, Equipo Editorial Latinbooks; ilustraciones, Alex Willmore
250 _aPrimera edición
264 4 _aMontevido, Uruguay,
_b©Latinbooks International S.A.
_c2021
300 _a32 páginas,
_bilustraciones a color, tapa dura,
_calto 26 cm ancho 26 cm
336 _2rdacontent
_atexto
_btxt
337 _2rdamedia
_asin mediación
_bn
338 _2rdacarrier
_avolumen
_bnc
490 _aEstrella fugaz
_pInteractivos
650 _2LEMB
_aLiteratura infantil
_92746
650 _2LEMB
_aLibro interactivo
_957659
650 _2LEMB
_aAventuras
_913760
650 _2LEMB
_aCompartir
_957660
942 _2ddc
_cBKINF
999 _c56811
_d56811